|
|
|
|
| LEADER |
01022pam a22002778a 4500 |
| 001 |
00039472 |
| 005 |
20171026081025.0 |
| 008 |
170519s2010 ||||||Viesd |
| 041 |
0 |
# |
|a Vie
|
| 082 |
1 |
4 |
|a 398.209 597
|b B103GI
|
| 100 |
1 |
# |
|a Trần, Văn Tuấn
|
| 245 |
1 |
0 |
|a Bài giảng Văn học 2
|b Chuyên đề thi pháp và Thi pháp Văn học dân gian
|c Trần Văn Tuấn, Hồ Thị Thu Hà
|
| 260 |
# |
# |
|a Đồng Tháp
|c 2010
|
| 300 |
# |
# |
|a 197 tr.
|c 27cm
|
| 500 |
# |
# |
|a ĐTTS ghi: Trường Đại học Đồng Tháp. Khoa Tiểu học - mầm non
|
| 653 |
# |
# |
|a Giáo dục
|
| 653 |
# |
# |
|a Thi pháp
|
| 653 |
# |
# |
|a Văn học dân gian
|
| 653 |
# |
# |
|a Văn học
|
| 653 |
# |
# |
|a Tiểu học
|
| 852 |
# |
# |
|b Kho mượn
|j KGT.0053119, KGT.0053118
|
| 852 |
# |
# |
|j KGT.0053119
|j KD.0020236
|j KGT.0053118
|j KGT.0055624
|
| 852 |
# |
# |
|b Kho đọc
|j KD.0020236
|
| 910 |
|
|
|d 19/05/2017
|
| 980 |
# |
# |
|a Trung tâm Học liệu Lê Vũ Hùng, Trường Đại học Đồng Tháp
|